Nguồn nước chất lượng nước

Gardado en:
Detalles Bibliográficos
Autor Principal: American Chemical Society
Formato: Libro
Idioma:Undetermined
Publicado: Tp. HCM Trẻ 2002
Những chủ đề:
Các nhãn: Engadir etiqueta
Sen Etiquetas, Sexa o primeiro en etiquetar este rexistro!
Thư viện lưu trữ: Trung tâm Học liệu Trường Đại học Cần Thơ
LEADER 00521nam a2200169Ia 4500
001 CTU_47576
008 210402s9999 xx 000 0 und d
082 |a 612.015 
082 |b A512/T1 
100 |a American Chemical Society 
245 0 |a Nguồn nước chất lượng nước 
245 0 |c American Chemical Society, Nguyễn Văn Sang 
260 |a Tp. HCM 
260 |b Trẻ 
260 |c 2002 
650 |a human physiology,biochemistry 
980 |a Trung tâm Học liệu Trường Đại học Cần Thơ